APEC Schools

Harry Potter : and the chamber of secrets / (Record no. 7170)

000 -LEADER
fixed length control field nam a22 7a 4500
005 - DATE AND TIME OF LATEST TRANSACTION
control field 20190301054034.0
008 - FIXED-LENGTH DATA ELEMENTS--GENERAL INFORMATION
fixed length control field 190301b xxu||||| |||| 00| 0 eng d
020 ## - IDENTIFIER FOR THE MANIFESTATION
Identifier for the Manifestation 9781408855669
Binding paperback
040 ## - CATALOGING SOURCE
Language of Cataloging eng
Transcribing Agency APEC Schools Library
Description Conventions rda
082 ## - DEWEY DECIMAL CLASSIFICATION NUMBER
Classification number Fic
Author's Number R884 1998
100 ## - CREATOR
Preferred Name of the Person Rowling, J.K.
245 ## - TITLE AND STATEMENT OF RESPONSIBILITY
Preferred Title Proper Harry Potter : and the chamber of secrets /
Statement of Responsibility/Parallel Statement of Responsibility J.K. Rowling
264 ## - PUBLICATION STATEMENT
Place of publication, distribution, etc London :
Publisher's Name/Parallel Publisher's Name Bloomsbury Publishing,
Copyright ©1998.
300 ## - PHYSICAL DESCRIPTION
Extent 359 pages ;
Dimensions 20 cm.
336 ## - RDA CONTENT
Source rdacontent
Content Type text
337 ## - RDA MEDIA
Source rdamedia
Media Type unmediated
338 ## - RDA CARRIER
Source rdacarrier
Carrier Type volume
490 ## - SERIES STATEMENT
Title Proper of Series Harry Potter series.
Numbering Within Series bk. 2
942 ## - ADDED ENTRY ELEMENTS (KOHA)
Source of Classification
Koha Item Type Books
Holdings
Library Site Location Shelving Location Source of Acquisition Full Classification Number Accession Number Koha Item Type
APEC Bacoor Library APEC Bacoor Library Fiction Institutional Fund Fic R884 1998 B04-0000355 Fiction
APEC C. Raymundo Library APEC C. Raymundo Library Fiction Institutional Fund Fic R884 1998 A07-0000230 Fiction
APEC Dasmarinas Library APEC Dasmarinas Library Fiction Institutional Fund Fic R884 1998 B03-0000304 Fiction
APEC Holy Spirit Library APEC Holy Spirit Library Fiction Institutional Fund Fic R884 1998 A03-0000101 Fiction
APEC JRU Lipa Library APEC JRU Lipa Library Fiction Institutional Fund Fic R884 1998 B12-0000275 Fiction
APEC Muntinlupa Library APEC Muntinlupa Library Fiction Donation Fic R884 1998 B01-0000014D Books
APEC North Fairview Library APEC North Fairview Library Fiction Institutional Fund Fic R884 1998 A04-0000298 Fiction
APEC Silangan, Pateros Library APEC Silangan, Pateros Library Fiction Institutional Fund Fic R884 1998 B07-0000278 Fiction
APEC Sta. Rita Library APEC Sta. Rita Library Fiction Institutional Fund Fic R884 1998 B02-0000313 Fiction
APEC V. Luna Library APEC V. Luna Library Fiction Institutional Fund Fic R884 1998 A01-0000246 Fiction

Powered by Koha